<?xml version="1.0" encoding="UTF-8"?>
<record
    xmlns:xsi="http://www.w3.org/2001/XMLSchema-instance"
    xsi:schemaLocation="http://www.loc.gov/MARC21/slim http://www.loc.gov/standards/marcxml/schema/MARC21slim.xsd"
    xmlns="http://www.loc.gov/MARC21/slim">

  <leader>00831nam a2200241   4500</leader>
  <controlfield tag="003">OSt</controlfield>
  <controlfield tag="005">20260530115303.0</controlfield>
  <controlfield tag="008">260420b2002    it a|||| |||| 00| 0 spa d</controlfield>
  <datafield tag="040" ind1=" " ind2=" ">
    <subfield code="a">ICI</subfield>
    <subfield code="b">spa</subfield>
    <subfield code="c">ICI</subfield>
  </datafield>
  <datafield tag="050" ind1=" " ind2=" ">
    <subfield code="a">NK1535.A44 </subfield>
    <subfield code="b">A8718</subfield>
  </datafield>
  <datafield tag="100" ind1="1" ind2=" ">
    <subfield code="a"> Alessi, Alberto,</subfield>
  </datafield>
  <datafield tag="245" ind1="1" ind2="0">
    <subfield code="a">La f&#xE1;brica de sue&#xF1;os : </subfield>
    <subfield code="b">Alessi desde 1921 /</subfield>
    <subfield code="c">Alberto Alessi ; traducci&#xF3;n, Osvaldo Alzari, Mar&#xED;a Angeles P&#xE9;rez</subfield>
  </datafield>
  <datafield tag="264" ind1=" " ind2="1">
    <subfield code="b">Alessi,</subfield>
    <subfield code="c">2002</subfield>
    <subfield code="a">Crusinallo, Italy : </subfield>
  </datafield>
  <datafield tag="300" ind1=" " ind2=" ">
    <subfield code="a">150 p&#xE1;ginas</subfield>
    <subfield code="b"> ilustraciones </subfield>
    <subfield code="c">20 cm.</subfield>
  </datafield>
  <datafield tag="336" ind1=" " ind2=" ">
    <subfield code="a">texto</subfield>
    <subfield code="2">rdacontent</subfield>
  </datafield>
  <datafield tag="337" ind1=" " ind2=" ">
    <subfield code="a">sin medio</subfield>
    <subfield code="2">rdamedia</subfield>
  </datafield>
  <datafield tag="338" ind1=" " ind2=" ">
    <subfield code="a">volumen</subfield>
    <subfield code="2">rdacarrier</subfield>
  </datafield>
  <datafield tag="650" ind1=" " ind2=" ">
    <subfield code="a">Dise&#xF1;o </subfield>
    <subfield code="x">Historia </subfield>
    <subfield code="y">Siglo XX</subfield>
    <subfield code="z">Italia </subfield>
    <subfield code="9">3187</subfield>
  </datafield>
  <datafield tag="650" ind1=" " ind2=" ">
    <subfield code="a">Vajilla</subfield>
    <subfield code="z">Italia</subfield>
    <subfield code="9">31543</subfield>
  </datafield>
  <datafield tag="700" ind1="1" ind2=" ">
    <subfield code="a">Alzari, Osvaldo, </subfield>
    <subfield code="e">traductor</subfield>
    <subfield code="9">31544</subfield>
  </datafield>
  <datafield tag="700" ind1="1" ind2=" ">
    <subfield code="a">P&#xE9;rez, Mar&#xED;a Angeles, </subfield>
    <subfield code="e">traductor</subfield>
    <subfield code="9">31545</subfield>
  </datafield>
  <datafield tag="942" ind1=" " ind2=" ">
    <subfield code="2">lcc</subfield>
    <subfield code="c">BK</subfield>
  </datafield>
  <datafield tag="999" ind1=" " ind2=" ">
    <subfield code="c">12958</subfield>
    <subfield code="d">12958</subfield>
  </datafield>
</record>
